00195nam a2200073Ia 4500082001300000245002700013100004000040008004100080 aETF HORO 0aThe falcon's Malteser  a HOROWITZ, Anthony London, 2007 210816s9999 xx 000 0 und d